Spanish Territories in Africa Quiz - Statistics

General Stats
  • This quiz has been taken 16 times
  • The average score is 3 of 10
Answer Stats
Hint Answer % Correct
Autonomous cities Ceuta (incl. Perejil Island)
88%
Autonomous cities Melilla
88%
Autonomous communities Canary Islands
63%
Colonial possessions Spanish Sahara
19%
Colonial possessions Spanish Guinea (incl. Annobón, Corisco, Fernando Poo, and Elobey)
6%
Plazas de soberanía Alhucemas Islands (Isla de Mar, Isla de Tierra, Peñón de Alhucemas)
0%
Plazas de soberanía Chafarinas Islands (Isla Congreso, Isla Isabel II, Isla del Rey)
0%
Colonial possessions Ifni
0%
Plazas de soberanía Peñón de Vélez de la Gomera
0%
Colonial possessions Spanish Morocco
0%
No matching quizzes found
Score Distribution
Percent of People with Each Score
Percentile by Number Answered
Your Score History
You have not taken this quiz